Employer Partnership Program Analysis of Alternatives (Record no. 351998)
[ view plain ]
| 000 -LEADER | |
|---|---|
| fixed length control field | 00796nam a2200133Ia 4500 |
| 008 - FIXED-LENGTH DATA ELEMENTS--GENERAL INFORMATION | |
| fixed length control field | 171212s9999 xx 000 0 und d |
| 020 ## - INTERNATIONAL STANDARD BOOK NUMBER | |
| International Standard Book Number | 9780833058928 |
| 100 ## - MAIN ENTRY--PERSONAL NAME | |
| Personal name | Pint, Ellen M.;Richardson, Amy;Hallmark, Bryan W.;Epstein, Scott;Benson, Jr. Albert L. |
| 245 ## - TITLE STATEMENT | |
| Statement of responsibility, etc | Pint, Ellen M.;Richardson, Amy;Hallmark, Bryan W.;Epstein, Scott;Benson, Jr. Albert L. |
| Title | Employer Partnership Program Analysis of Alternatives |
| 260 ## - PUBLICATION, DISTRIBUTION, ETC. (IMPRINT) | |
| Name of publisher, distributor, etc | RAND Corporation |
| Date of publication, distribution, etc | 2012 |
| 650 ## - SUBJECT ADDED ENTRY--TOPICAL TERM | |
| Topical term or geographic name as entry element | Law |
| 650 ## - SUBJECT ADDED ENTRY--TOPICAL TERM | |
| Topical term or geographic name as entry element | Manpower -- United States; United States. Army Reserve -- Personnel management; United States. Army -- Reserves -- Personnel management; Soldiers -- Education, Non-military -- United States; Veterans -- Employment -- United States; Career development -- U |
| 856 ## - ELECTRONIC LOCATION AND ACCESS | |
| Uniform Resource Identifier | <a href="http://www.jstor.org/stable/10.7249/j.ctt5hhvrc">http://www.jstor.org/stable/10.7249/j.ctt5hhvrc</a> |
| Withdrawn status | Lost status | Damaged status | Home library | Current library | Date acquired | Total Checkouts | Full call number | Date last seen | Price effective from | Koha item type |
|---|---|---|---|---|---|---|---|---|---|---|
| College Library | College Library | 12/12/2017 | UA17.5.U5P56 2012 | 12/12/2017 | 12/12/2017 | Curriculum - Based eBooks |